[Event "Rome Accademia Winter"]
[Site "Rome"]
[Date "2010.02.12"]
[Round "1"]
[White "Melissa, Raffaello"]
[Black "Bonaposta, Fabrizio"]
[Result "0-1"]
[WhiteElo "1613"]
[BlackElo "2047"]
[PlyCount "54"]
[EventDate "2010.02.12"]
[EventType "swiss"]
[EventRounds "5"]
[EventCountry "ITA"]
[SourceTitle "EXT 2024"]
[Source "ChessBase"]
[SourceDate "2023.10.10"]
[SourceVersion "1"]
[SourceVersionDate "2023.10.10"]
[SourceQuality "1"]

1. e4 c5 2. c3 Nf6 3. e5 Nd5 4. Bc4 Nb6 5. Bb3 d5 6. d4 cxd4 7. cxd4 Bf5 8. Nf3 Nc6 9. a3 e6 10. 0-0 Be7 11. Nc3 0-0 12. Ne2 Rc8 13. Ng3 Bg6 14. Bf4 Nc4 15. Qe2 Qb6 16. Bxc4 dxc4 17. Be3 Bd3 18. Qd2 Qd8 19. Rfd1 Na5 20. Bh6 Nb3 21. Qf4 Nxa1 22. Bxg7 Kxg7 23. Nh5+ Kh8 24. Nf6 Bxf6 25. exf6 Rg8 26. Rxd3 cxd3 27. Ne5 Qc7 0-1

[Event "Viterbo op 6th"]
[Site "Viterbo"]
[Date "2009.05.30"]
[Round "1"]
[White "Lisi, Sebastiano"]
[Black "Melissa, Raffaello"]
[Result "1-0"]
[WhiteElo "1964"]
[BlackElo "1616"]
[PlyCount "111"]
[EventDate "2009.05.30"]
[EventType "swiss"]
[EventRounds "7"]
[EventCountry "ITA"]
[SourceTitle "EXT 2011"]
[Source "ChessBase"]
[SourceDate "2010.11.26"]
[SourceVersion "1"]
[SourceVersionDate "2010.11.26"]
[SourceQuality "1"]

1. e4 e5 2. Nf3 Nc6 3. Bb5 a6 4. Ba4 Nf6 5. 0-0 Be7 6. Re1 b5 7. Bb3 0-0 8. d4 d6 9. c3 Bb7 10. Nbd2 Na5 11. Bc2 c5 12. d5 Bc8 13. Nf1 Nc4 14. b3 Nb6 15. Ng3 Re8 16. h3 Bf8 17. Nh4 Nfxd5 18. Nhf5 Nxc3 19. Qg4 Re6 20. Bg5 Qc7 21. Nh5 Rg6 22. Qh4 f6 23. Bxf6 gxf6 24. Nxf6+ Rxf6 25. Qxf6 Bxf5 26. Qxf5 Qf7 27. Qg4+ Kh8 28. Re3 b4 29. Bd3 Be7 30. Rf3 Qg6 31. Qxg6 hxg6 32. Rf7 Re8 33. a3 Kg8 34. Rf3 a5 35. axb4 axb4 36. Ra6 Bd8 37. Re3 Rf8 38. g3 Kg7 39. Kg2 Rf7 40. Re1 Kf6 41. Rea1 Ke6 42. f3 Kf6 43. h4 Kg7 44. Ra7 Rxa7 45. Rxa7+ Kf6 46. g4 c4 47. bxc4 b3 48. Ra3 Nba4 49. Rxb3 Bb6 50. Bc2 Bc5 51. Rb7 Ne2 52. Bxa4 Nf4+ 53. Kf1 Nd3 54. Be8 Nf4 55. g5+ Ke6 56. Bf7# 1-0